The Oxford dictionary of philosophy (Record no. 294762)

MARC details
000 -LEADER
fixed length control field 00514nam a2200181Ia 4500
008 - FIXED-LENGTH DATA ELEMENTS--GENERAL INFORMATION
fixed length control field 191130s1996##################000#0#eng##
020 ## - INTERNATIONAL STANDARD BOOK NUMBER
ISBN 9780195671575
082 ## - DEWEY DECIMAL CLASSIFICATION NUMBER
Classification number 103 BLA
100 ## - MAIN ENTRY--AUTHOR NAME
Personal name Blackburn, Simon
245 ## - TITLE STATEMENT
Title The Oxford dictionary of philosophy
Statement of responsibility, etc Simon Blackburn
260 ## - PUBLICATION, DISTRIBUTION, ETC. (IMPRINT)
Place of publication Oxford
Name of publisher Oxford University Press
Year of publication c1996
300 ## - PHYSICAL DESCRIPTION
Number of Pages 418 p. ; 22 cm
650 ## - SUBJECT ADDED ENTRY--TOPICAL TERM
Topical Term Philosophy - Dictionaries
991 ## -
-- 255934
Holdings
Withdrawn status Lost status Damaged status Not for loan Home library Current library Shelving location Date acquired Full call number Accession Number Price effective from Koha item type
        Anna Centenary Library Anna Centenary Library 3RD FLOOR, A WING 15.10.2020 103 BLA 110159 15.10.2020 English Books

Find us on the map